Estadísticas para Top 10 estados de EE. UU. más fríos

Haz click aquí para intentar la prueba.

Estadísticas generales

  • Esta prueba ha sido intentada 3.220 veces
    (829 desde el último reinicio)
  • La puntuación promedio es 7 de 10

Estadísticas de respuestas

° CEstado% Correcto
-2,3Alaska
94%
5,0Dakota del Norte
76%
5,9Montana
74%
5,4Maine
73%
6,1Vermont
65%
6,6Idaho
64%
6,6Wisconsin
60%
5,4Minnesota
55%
5,7Wyoming
55%
6,7Nuevo Hampshire
41%

Distribución de puntuación

Porcentaje por número respondido

Porcentaje de gente con cada puntuación

Historial de tus puntuaciones

No has intentado esta prueba desde el último reinicio